Southernmost Countries in the Northern Hemisphere - Statistics

General Stats
  • This quiz has been taken 49 times
  • The average score is 15 of 20
Answer Stats
Latitude Country % Correct
01°11′N Guyana
88%
01°09′N Singapore
88%
01°50′N Suriname
88%
00°40′N Venezuela
88%
00°51′N Malaysia
86%
01°39′N Cameroon
83%
04°00′N Brunei
81%
02°13′N Central African Republic
81%
03°29′N South Sudan
81%
04°17′N Nigeria
76%
04°35′N Philippines
76%
03°24′N Ethiopia
74%
05°37′N Thailand
74%
04°44′N Ghana
71%
04°21′N Liberia
69%
02°47′N Palau
69%
01°01′N Federated States of Micronesia
67%
04°34′N Marshall Islands
64%
04°22′N Cote d'Ivoire
62%
05°31′N Costa Rica
31%
No matching quizzes found
Score Distribution
Percent of People with Each Score
Percentile by Number Answered
Your Score History
You have not taken this quiz